Records de l'Équipe de France féminine de football - Statistiques

Statistiques générales
  • Ce quiz a été pris 34 fois
  • Le résultat moyen est 10 sur 20
Statistiques - réponses
Buts Sélections Joueuse % Correct
94 200 Eugénie Le Sommer
100%
94 200 Eugénie Le Sommer
100%
39 168 Wendie Renard
96%
39 168 Wendie Renard
96%
40 59 Marie-Antoinette Katoto
71%
30 118 Kadidiatou Diani
64%
37 183 Camille Abily
61%
19 156 Sonia Bompastor
50%
81 112 Marinette Pichon
46%
58 163 Gaëtane Thiney
39%
58 163 Gaëtane Thiney
39%
0 149 Sarah Bouhaddi
39%
7 188 Laura Georges
36%
17 198 Sandrine Soubeyrand
36%
36 145 Louisa Necib-Cadamuro
29%
36 145 Louisa Necib-Cadamuro
29%
65 123 Marie-Laure Delie
29%
30 192 Élise Bussaglia
21%
30 192 Élise Bussaglia
21%
31 111 Hoda Lattaf
11%
Aucun quiz correspondant
Distribution des résultats
% des personnes avec chaque résultat
Percentile par nombre de réponses
Votre historique - résultats
Vous n’avez pas pris ce quiz